[Event "Sparkassen-Open B"]
[Site "Heusenstamm, Martinsee"]
[Date "2021.11.20"]
[Round "5.45"]
[White "Büttner, Anton"]
[Black "Fischer, Juliane"]
[Result "0-1"]
[WhiteElo "1234"]
[BlackElo "1515"]
[PlyCount "138"]
[EventDate "2021.??.??"]
[WhiteTeam "OSG Baden-Baden"]
[BlackTeam "SK Gernsheim"]

1. e4 e5 2. Nf3 Nc6 3. Bc4 Bc5 4. Nc3 Nf6 5. d3 d6 6. h3 h6 7. Be3 Bb6 8. O-O
O-O 9. Qd2 Be6 10. Nd5 Bxd5 11. Bxd5 Nxd5 12. exd5 Nd4 13. Nxd4 exd4 14. Bf4
Qd7 15. Rfe1 Rfe8 16. Re2 Qf5 17. Rae1 Qd7 18. Re4 f5 19. Re6 Rxe6 20. Rxe6 Re8
21. Rxe8+ Qxe8 22. Kf1 Qf7 23. Qe2 Qxd5 24. Kg1 Kf7 25. Qh5+ Kg8 26. Qe8+ Kh7
27. h4 Qg8 28. Qh5 Qe6 29. b3 Qg6 30. Qf3 Qg4 31. Qxg4 fxg4 32. h5 g6 33. hxg6+
Kxg6 34. Kh2 h5 35. Kg3 Ba5 36. Bc1 c5 37. Bf4 d5 38. Bd6 Bb4 39. Bb8 a6 40.
Bd6 b5 41. Be7 a5 42. Kf4 c4 43. Bxb4 axb4 44. Ke5 h4 45. Kf4 Kh5 46. f3 g3 47.
dxc4 bxc4 48. bxc4 dxc4 49. Ke5 h3 50. gxh3 g2 51. Kxd4 g1=Q+ 52. Kxc4 Qe1 53.
Kb3 Qc3+ 54. Ka4 Qxc2+ 55. Kxb4 Qxa2 56. Kc3 Qa3+ 57. Kd4 Qxf3 58. Ke5 Qxh3 59.
Ke4 Qe6+ 60. Kd4 Kg4 61. Kc5 Qd7 62. Kc4 Kf4 63. Kc5 Ke5 64. Kc4 Qd4+ 65. Kb5
Qc3 66. Kb6 Kd6 67. Ka7 Qb3 68. Ka6 Kc6 69. Ka7 Qb7# 0-1

[Event "Sparkassen-Open B"]
[Site "Heusenstamm, Martinsee"]
[Date "2021.11.20"]
[Round "5.46"]
[White "Kanno, Clara Yumi"]
[Black "Merz, Leander"]
[Result "0-1"]
[WhiteElo "1178"]
[BlackElo "1268"]
[PlyCount "72"]
[EventDate "2021.??.??"]
[WhiteTeam "SK Altenkirchen"]
[BlackTeam "Schachforum Darmstadt"]

1. e4 c5 2. Nf3 d6 3. d4 cxd4 4. Nxd4 Nf6 5. Nc3 g6 6. Bg5 Bg7 7. Bc4 Qb6 8.
Nb3 Nc6 9. O-O O-O 10. Qd2 a5 11. Rab1 a4 12. Nc1 Qb4 13. Bd3 Ng4 14. a3 Qc5
15. N1e2 e6 16. h3 h6 17. Bf4 e5 18. hxg4 exf4 19. Qxf4 Ne5 20. Bb5 Bxg4 21.
Bxa4 Bxe2 22. Nxe2 Rxa4 23. Nc3 Raa8 24. Rfd1 Nc4 25. Rd5 Qc6 26. Nd1 Rfe8 27.
Qf3 Re5 28. Ne3 Nxe3 29. Rxe5 Bxe5 30. Qxe3 Qxc2 31. Rc1 Qxb2 32. Qxh6 Qxa3 33.
Rc7 Qa1+ 34. Rc1 Qxc1+ 35. Qxc1 Ra1 36. Qxa1 Bxa1 0-1

[Event "Sparkassen-Open B"]
[Site "Heusenstamm, Martinsee"]
[Date "2021.11.20"]
[Round "5.47"]
[White "Gärtner, David"]
[Black "Jansen, Malte"]
[Result "0-1"]
[WhiteElo "1185"]
[BlackElo "1427"]
[PlyCount "56"]
[EventDate "2021.??.??"]
[WhiteTeam "SF Mainz"]
[BlackTeam "SC Herborn"]

1. d4 d5 2. Bf4 Nc6 3. e3 Nf6 4. Nf3 Bf5 5. c4 e6 6. Nc3 Bd6 7. Bxd6 cxd6 8.
cxd5 exd5 9. Qb3 b6 10. Nxd5 O-O 11. Nxf6+ Qxf6 12. Bb5 Ne7 13. O-O Qg6 14.
Rfc1 Bh3 15. g3 Rac8 16. Qd3 Qh5 17. Qe4 Ng6 18. Nd2 Qxb5 19. b3 d5 20. Qf3 Rc6
21. g4 Rfc8 22. Rxc6 Rxc6 23. Qxh3 Rc2 24. Nf3 Qe2 25. Qg3 h6 26. a4 Rb2 27.
Ra3 Rb1+ 28. Kg2 Qf1# 0-1

[Event "Sparkassen-Open B"]
[Site "Heusenstamm, Martinsee"]
[Date "2021.11.20"]
[Round "5.48"]
[White "Meuer, Stephan"]
[Black "Gärtner, Johannes"]
[Result "0-1"]
[WhiteElo "1182"]
[BlackElo "1354"]
[PlyCount "118"]
[EventDate "2021.??.??"]
[WhiteTeam "SV Lahnstein"]
[BlackTeam "SF Mainz"]

1. e4 e6 2. d4 d5 3. exd5 exd5 4. Nf3 Bd6 5. Nc3 c6 6. a3 a5 7. Bd2 Nf6 8. Bg5
h6 9. Bh4 Bg4 10. Be2 O-O 11. O-O Nbd7 12. h3 Bh5 13. Re1 Qc7 14. Nd2 Bxe2 15.
Rxe2 Rfe8 16. Qf1 Rxe2 17. Nxe2 Re8 18. Re1 Kf8 19. Bg3 Ne4 20. Nxe4 Rxe4 21.
Bxd6+ Qxd6 22. c3 Qe7 23. f3 Re6 24. Kf2 Nb6 25. Nf4 Rxe1 26. Qxe1 Qxe1+ 27.
Kxe1 Nc4 28. Nd3 Ke7 29. Kd1 Ne3+ 30. Ke2 Nxg2 31. Kf2 Nh4 32. Nc5 b6 33. Nd3
f6 34. a4 Nf5 35. b4 axb4 36. Nxb4 Kd7 37. Nd3 g5 38. Ke2 Ng3+ 39. Kf2 Nh5 40.
Ke3 Kd6 41. Kd2 Nf4 42. Nf2 f5 43. Ke3 h5 44. Kd2 c5 45. Ke3 c4 46. Kd2 Kc6 47.
Ke3 b5 48. a5 Kb7 49. Kd2 Ka6 50. Kc2 Kxa5 51. Kb2 b4 52. Kc2 b3+ 53. Kb1 Ka4
54. Ka1 Ka3 55. Nd1 Ne2 56. Kb1 Ng1 57. Ne3 Nxf3 58. Nxd5 Nd2+ 59. Kc1 b2+ 0-1

[Event "Sparkassen-Open B"]
[Site "Heusenstamm, Martinsee"]
[Date "2021.11.20"]
[Round "5.49"]
[White "Papadopoulos, Leon"]
[Black "Junkers, Günter"]
[Result "1-0"]
[WhiteElo "1337"]
[BlackElo "1235"]
[PlyCount "39"]
[EventDate "2021.??.??"]
[WhiteTeam "SV Oberursel"]
[BlackTeam "SG Rödermark"]

1. e4 e5 2. Nf3 Nc6 3. Bc4 a6 4. Bb3 Qe7 5. Nc3 Nd4 6. Nd5 Qd6 7. O-O Nxb3 8.
axb3 Nf6 9. Re1 Nxd5 10. exd5 Qxd5 11. Rxe5+ Qxe5 12. Nxe5 f6 13. Qh5+ g6 14.
Nxg6 d6 15. Nxh8+ Kd7 16. d4 b5 17. d5 Bb7 18. Qf5+ Ke7 19. Qe6+ Kd8 20. Nf7#
1-0

[Event "Sparkassen-Open B"]
[Site "Heusenstamm, Martinsee"]
[Date "2021.11.20"]
[Round "5.50"]
[White "Stosberg, David"]
[Black "Tobias, Karolin"]
[Result "1-0"]
[WhiteElo "1086"]
[BlackElo "1321"]
[PlyCount "87"]
[EventDate "2021.??.??"]
[WhiteTeam "Sfr. Mörfelden"]
[BlackTeam "SV Oberursel"]

1. e4 e5 2. Nf3 Nc6 3. d4 exd4 4. Nxd4 Nf6 5. Nxc6 bxc6 6. e5 Nd5 7. c4 Nb6 8.
Bd3 Bc5 9. Qg4 g6 10. Bg5 Be7 11. Bh6 d6 12. Qe2 dxe5 13. Qxe5 Rg8 14. Qe4 Qd7
15. O-O Qe6 16. Qf4 Qd6 17. Qf3 g5 18. Be4 Bd7 19. c5 Qxc5 20. Bxh7 Rh8 21. Qe4
Qd5 22. Bg7 Qxe4 23. Bxe4 Rg8 24. Be5 f6 25. Bxc7 f5 26. Bc2 f4 27. Nc3 Nc4 28.
Bb3 Be6 29. Rfe1 Rg6 30. Rxe6 Rxe6 31. Bxc4 Rh6 32. Re1 Kd7 33. h3 f3 34. g3
Rxh3 35. Be6+ Kxc7 36. Bxh3 Bc5 37. Bg4 Rb8 38. b3 Rf8 39. Re5 Bd4 40. Re7+ Kb8
41. Ne4 Bf6 42. Nxf6 Rxf6 43. Re3 Rd6 44. Bxf3 1-0

[Event "Sparkassen-Open B"]
[Site "Heusenstamm, Martinsee"]
[Date "2021.11.20"]
[Round "5.55"]
[White "Moissl, Julian"]
[Black "Grebe, Sabrina"]
[Result "1/2-1/2"]
[WhiteElo "1171"]
[BlackElo "1049"]
[PlyCount "56"]
[EventDate "2021.??.??"]
[WhiteTeam "SK Bad Homburg"]
[BlackTeam "SC Heusenstamm"]

1. d4 d5 2. c4 Nf6 3. Nc3 Be6 4. Bg5 dxc4 5. e3 Nc6 6. Bxf6 exf6 7. d5 Bxd5 8.
Nxd5 Qd7 9. Nf4 Bb4+ 10. Ke2 O-O-O 11. Qxd7+ Rxd7 12. g3 Rd2+ 13. Kf3 Rxb2 14.
Bxc4 Ne5+ 15. Kg2 Nxc4 16. Nd3 Ba3 17. Nxb2 Bxb2 18. Rd1 Re8 19. Nf3 g5 20. Rd5
Rxe3 21. Rhd1 Re8 22. Nd2 Nd6 23. Kf3 h5 24. h3 Be5 25. Nb3 b6 26. Nd4 Kb7 27.
Nb5 a6 28. Nxd6+ Bxd6 1/2-1/2

[Event "Sparkassen-Open B"]
[Site "Heusenstamm, Martinsee"]
[Date "2021.11.21"]
[Round "6.1"]
[White "Ngo, Quang Thai"]
[Black "Akhmatovski, Maxim"]
[Result "1-0"]
[WhiteElo "1779"]
[BlackElo "1359"]
[PlyCount "101"]
[EventDate "2021.??.??"]
[WhiteTeam "SV Griesheim"]
[BlackTeam "SV Oberursel"]

1. c4 e5 2. g3 Nc6 3. Bg2 f5 4. Nc3 Nf6 5. e3 Bc5 6. Nge2 d6 7. d4 Bb6 8. b4 a6
9. Bxc6+ bxc6 10. c5 dxc5 11. dxc5 Qxd1+ 12. Nxd1 Ba7 13. Bd2 a5 14. a3 O-O 15.
f4 exf4 16. exf4 Re8 17. Ne3 Ba6 18. Nd4 Re4 19. Ndc2 g5 20. O-O-O gxf4 21.
gxf4 Bd3 22. Rhg1+ Kf7 23. Rg5 Rxf4 24. Rdg1 Rg8 25. Bc3 Rxg5 26. Rxg5 Rf2 27.
Rg2 Rxg2 28. Nxg2 Nd5 29. Bd2 Bxc2 30. Kxc2 Kf6 31. Kd3 Ke5 32. Ne1 Nf6 33.
Bc3+ Ke6 34. Bxf6 Kxf6 35. Nf3 axb4 36. axb4 Ke6 37. Kd4 h6 38. Ne5 f4 39. Ke4
Bb8 40. Nxc6 f3 41. Kxf3 Kd5 42. Nxb8 Kc4 43. c6 Kxb4 44. Kg4 Kc5 45. Kh5 Kb6
46. Kxh6 Ka7 47. Nd7 Ka6 48. h4 Kb5 49. Ne5 Kc5 50. Kg6 Kd5 51. Kf6 1-0

[Event "Sparkassen-Open B"]
[Site "Heusenstamm, Martinsee"]
[Date "2021.11.21"]
[Round "6.2"]
[White "Stosberg, Marc"]
[Black "Markosyan, Aleksandr"]
[Result "0-1"]
[WhiteElo "1692"]
[BlackElo "1716"]
[PlyCount "30"]
[EventDate "2021.??.??"]
[WhiteTeam "Sfr. Mörfelden"]
[BlackTeam "SG Idstein"]

1. d4 Nf6 2. c4 c5 3. d5 b5 4. cxb5 a6 5. bxa6 Bxa6 6. Nc3 d6 7. e4 Bxf1 8.
Kxf1 g6 9. g3 Bg7 10. Kg2 O-O 11. Nf3 Nbd7 12. Re1 Qa5 13. Qe2 Rfb8 14. a4 Ng4
15. Nb5 Rxb5 0-1

[Event "Sparkassen-Open B"]
[Site "Heusenstamm, Martinsee"]
[Date "2021.11.21"]
[Round "6.4"]
[White "Bardorz, Christoph"]
[Black "Blank, Stephan"]
[Result "1-0"]
[WhiteElo "1764"]
[BlackElo "1631"]
[PlyCount "37"]
[EventDate "2021.??.??"]
[WhiteTeam "TSV Rottendorf"]
[BlackTeam "SC FK Babenhausen"]

1. e4 e5 2. Nf3 Nc6 3. Nc3 Bc5 4. Bb5 Nge7 5. O-O O-O 6. Nxe5 Nxe5 7. d4 Bb4 8.
dxe5 Bxc3 9. bxc3 f6 10. exf6 Rxf6 11. Bg5 Rg6 12. Qh5 c6 13. Bd3 Qf8 14. f4 d5
15. f5 Rd6 16. e5 Rd7 17. f6 Ng6 18. e6 Qc5+ 19. Kh1 1-0

[Event "Sparkassen-Open B"]
[Site "Heusenstamm, Martinsee"]
[Date "2021.11.21"]
[Round "6.5"]
[White "Schwab, Tizian"]
[Black "Lasschuit, Rene"]
[Result "1-0"]
[WhiteElo "1634"]
[BlackElo "1665"]
[PlyCount "49"]
[EventDate "2021.??.??"]
[WhiteTeam "TV-Großostheim"]
[BlackTeam "SV Berolina Mitte"]

1. e4 c5 2. Nf3 g6 3. c3 Bg7 4. d4 cxd4 5. cxd4 d5 6. e5 Nh6 7. Nc3 O-O 8. Be3
Nc6 9. Bb5 Na5 10. b3 a6 11. Be2 Nc6 12. h3 Nf5 13. Bf4 Be6 14. Qd2 Rc8 15. g4
Nfxd4 16. Nxd4 Nxe5 17. Nxe6 fxe6 18. Rc1 Qa5 19. O-O Nf3+ 20. Bxf3 Bxc3 21.
Qe3 Rc6 22. Rfd1 Qxa2 23. Rxc3 Rxc3 24. Qxe6+ Kg7 25. Qxe7+ 1-0

[Event "Sparkassen-Open B"]
[Site "Heusenstamm, Martinsee"]
[Date "2021.11.21"]
[Round "6.6"]
[White "Ziegler, Christopher"]
[Black "Lorenz, Alexander"]
[Result "0-1"]
[WhiteElo "1443"]
[BlackElo "1667"]
[PlyCount "74"]
[EventDate "2021.??.??"]
[WhiteTeam "SV Kelsterbach"]
[BlackTeam "SV Bergwinkel"]

1. e4 c5 2. Bc4 d6 3. Nc3 Nf6 4. f4 a6 5. d3 Nc6 6. Nf3 b5 7. Bb3 Qb6 8. Be3 e6
9. O-O Ng4 10. Qe1 g6 11. f5 Bg7 12. fxe6 fxe6 13. Kh1 Nxe3 14. Qxe3 Nd4 15.
Ng5 a5 16. Nd5 exd5 17. Bxd5 Ra7 18. Bf7+ Kd8 19. Qf2 h6 20. Nh3 g5 21. c3 Rf8
22. cxd4 Bxd4 23. Qe2 Raxf7 24. Rxf7 Rxf7 25. Qh5 Rf6 26. Rb1 Qc7 27. Ng1 Qf7
28. Qe2 Rf2 29. Qe1 Qxa2 30. Nf3 Rxb2 31. Ra1 Qb3 32. Qxa5+ Ke8 33. Re1 Rb1 34.
Qc7 Rxe1+ 35. Nxe1 Qe6 36. Qc6+ Qd7 37. Qd5 Qf7 0-1

[Event "Sparkassen-Open B"]
[Site "Heusenstamm, Martinsee"]
[Date "2021.11.21"]
[Round "6.7"]
[White "Schellenberger, Dirk"]
[Black "Schwenk, Stefan"]
[Result "1-0"]
[WhiteElo "1660"]
[BlackElo "1719"]
[PlyCount "47"]
[EventDate "2021.??.??"]
[WhiteTeam "SC Aschaffenburg"]
[BlackTeam "SK Geisenheim"]

1. c4 c5 2. g3 g6 3. Nf3 Nc6 4. Bg2 Bg7 5. O-O e6 6. Nc3 Nge7 7. Rb1 O-O 8. a3
a5 9. d3 d5 10. Qb3 b6 11. cxd5 Nxd5 12. Bg5 f6 13. Bd2 Rb8 14. Nb5 h6 15. Rbc1
Kh7 16. Rfd1 Nde7 17. e3 e5 18. Bc3 Ba6 19. d4 exd4 20. exd4 cxd4 21. Nfxd4
Nxd4 22. Nxd4 Qe8 23. Ne6 Rf7 24. Nc7 1-0

[Event "Sparkassen-Open B"]
[Site "Heusenstamm, Martinsee"]
[Date "2021.11.21"]
[Round "6.8"]
[White "Spelleken, Hans-Gerd"]
[Black "Keymer, Cecilia"]
[Result "1/2-1/2"]
[WhiteElo "1691"]
[BlackElo "1634"]
[PlyCount "59"]
[EventDate "2021.??.??"]
[WhiteTeam "SC Kahl"]
[BlackTeam "SK Gau-Algesheim"]

1. Nf3 d5 2. d4 Nf6 3. e3 c6 4. Bd3 Bg4 5. Nbd2 e6 6. c3 Bd6 7. Qc2 Nbd7 8. e4
dxe4 9. Nxe4 Nxe4 10. Bxe4 Nf6 11. Bg5 h6 12. Bxf6 Qxf6 13. h3 Bxf3 14. Bxf3
O-O 15. Qe4 Rfe8 16. O-O Rad8 17. Rad1 Bc7 18. Rfe1 Rd7 19. Rd3 Red8 20. Bg4
Re7 21. Bd1 Qf4 22. Qxf4 Bxf4 23. g3 Bc7 24. Kg2 Kf8 25. Rde3 Red7 26. Bg4 Rd5
27. Rf3 Kg8 28. Rfe3 Rb5 29. R3e2 Rbd5 30. f4 1/2-1/2

[Event "Sparkassen-Open B"]
[Site "Heusenstamm, Martinsee"]
[Date "2021.11.21"]
[Round "6.9"]
[White "Chua, Daniel James"]
[Black "Tojcic, Josip"]
[Result "0-1"]
[WhiteElo "1315"]
[BlackElo "1756"]
[PlyCount "122"]
[EventDate "2021.??.??"]
[WhiteTeam "SC Garching"]
[BlackTeam "VL Frankfurt"]

1. e4 d5 2. exd5 Qxd5 3. Nc3 Qd8 4. d4 Bf5 5. Nf3 c6 6. Bc4 e6 7. O-O Nf6 8.
Be3 Bd6 9. Re1 O-O 10. h3 Qc7 11. Nh4 Bg6 12. Nxg6 hxg6 13. Qf3 Nbd7 14. Ne4
Nxe4 15. Qxe4 Nf6 16. Qd3 Rad8 17. Bg5 Rfe8 18. Bxf6 gxf6 19. Re4 Kg7 20. Rae1
f5 21. Rh4 Be7 22. g3 Bxh4 23. gxh4 Qf4 24. Rd1 Qxh4 25. Qe3 Qf6 26. Qb3 Rxd4
27. Rxd4 Qxd4 28. Bd3 b5 29. a4 a6 30. axb5 axb5 31. c4 Rd8 32. Bf1 bxc4 33.
Qxc4 Qxc4 34. Bxc4 Kf6 35. Kf1 Ke5 36. Ke2 Rh8 37. Kd2 Rxh3 38. b3 Kd4 39. Ke2
Rc3 40. Ba6 Rxb3 41. Bc8 c5 42. Bd7 Rb2+ 43. Kd1 c4 44. Kc1 c3 45. Be8 Rb7 46.
Bc6 Ra7 47. f3 e5 48. Be8 g5 49. Bb5 g4 50. fxg4 fxg4 51. Be2 Ra1+ 52. Kc2 Ra2+
53. Kd1 Rxe2 54. Kxe2 f5 55. Kd1 f4 56. Ke2 e4 57. Ke1 Kd3 58. Kd1 g3 59. Ke1
f3 60. Kd1 g2 61. Kc1 g1=Q# 0-1

[Event "Sparkassen-Open B"]
[Site "Heusenstamm, Martinsee"]
[Date "2021.11.21"]
[Round "6.10"]
[White "Jordake, Michael"]
[Black "Spreer, Lutz"]
[Result "1-0"]
[WhiteElo "1744"]
[BlackElo "1626"]
[PlyCount "83"]
[EventDate "2021.??.??"]
[WhiteTeam "SC Bergen-Enkheim"]
[BlackTeam "1. Burgstädter SK 1914"]

1. Nc3 e5 2. Nf3 Nc6 3. d4 exd4 4. Nxd4 Nge7 5. Bg5 f6 6. Bf4 b6 7. e3 Bb7 8.
Ncb5 Rc8 9. Bxc7 Qxc7 10. Nxc7+ Rxc7 11. Nb5 Kd8 12. Nxc7 Kxc7 13. Qg4 Ne5 14.
Qa4 Nd5 15. a3 Bc5 16. c4 Ne7 17. O-O-O N7c6 18. Be2 Re8 19. b4 Bd6 20. Rhe1
Nf7 21. Bf3 Nfe5 22. Be2 Nf7 23. Qc2 Ng5 24. h4 Ne4 25. Bf3 f5 26. Bxe4 fxe4
27. Qd2 Re6 28. c5 bxc5 29. bxc5 Ne5 30. cxd6+ Kb8 31. Qc3 Bc6 32. Qb4+ Ka8 33.
Qd4 Re8 34. Re2 Bb5 35. Qxe4+ Kb8 36. Rb2 Nd3+ 37. Qxd3 a6 38. Rxb5+ axb5 39.
Qxb5+ Ka8 40. Qxd7 Rb8 41. Rd5 Rb7 42. Ra5+ 1-0

[Event "Sparkassen-Open B"]
[Site "Heusenstamm, Martinsee"]
[Date "2021.11.21"]
[Round "6.11"]
[White "Bengsch, Norbert"]
[Black "Jahraus, Marlis"]
[Result "1/2-1/2"]
[WhiteElo "1716"]
[BlackElo "1590"]
[PlyCount "85"]
[EventDate "2021.??.??"]
[WhiteTeam "SG Donautal Tuttlingen"]
[BlackTeam "SF Zeutern"]

1. e4 c5 2. d4 cxd4 3. c3 dxc3 4. Nxc3 e6 5. Nf3 Nc6 6. Bc4 a6 7. O-O Bb4 8.
Bg5 Nge7 9. Rc1 O-O 10. Qe2 b5 11. Bb3 Qb6 12. Be3 Bc5 13. Bxc5 Qxc5 14. Rfd1
Qa7 15. Bc2 Ng6 16. e5 f5 17. exf6 Rxf6 18. Ne4 Nf4 19. Nxf6+ gxf6 20. Qe4 Ng6
21. Qe2 Nce7 22. Bxg6 hxg6 23. Qe3 Qxe3 24. fxe3 e5 25. Kf2 Kf7 26. Rc7 d5 27.
Rxd5 Be6 28. Rd6 Bxa2 29. Rdd7 Re8 30. Ra7 Be6 31. Rdc7 Bc8 32. e4 Ke6 33. Nd2
Kd6 34. Rc3 Nc6 35. Rg7 g5 36. Rg6 Rf8 37. Nb3 Nd4 38. Rd3 Ke6 39. Nxd4+ exd4
40. Rxd4 Ke5 41. Ke3 Be6 42. Rg7 Rc8 43. Rd2 1/2-1/2

[Event "Sparkassen-Open B"]
[Site "Heusenstamm, Martinsee"]
[Date "2021.11.21"]
[Round "6.12"]
[White "Michalski, Uwe"]
[Black "Werner, Florin"]
[Result "0-1"]
[WhiteElo "1753"]
[BlackElo "1504"]
[PlyCount "86"]
[EventDate "2021.??.??"]
[WhiteTeam "SF Mainz"]
[BlackTeam "VSG Offenbach"]

1. e4 e6 2. d4 d5 3. Nc3 Nf6 4. e5 Nfd7 5. Qg4 h6 6. f4 Nb6 7. Nf3 Nc6 8. a3
Ne7 9. Bd3 Bd7 10. Nh4 h5 11. Qf3 Rc8 12. O-O Nf5 13. Nxf5 exf5 14. b4 Be6 15.
Be3 g6 16. Ne2 h4 17. Qh3 Rh5 18. Kh1 Nc4 19. Bxc4 dxc4 20. c3 Bd5 21. Ng1 Be7
22. Nf3 c6 23. Rfe1 Be4 24. Rad1 Qd5 25. Rd2 Rd8 26. a4 a5 27. bxa5 Qxa5 28.
Rb2 Qxc3 29. Ree2 c5 30. Rbd2 Bxf3 31. Qxf3 Qa1+ 32. Bg1 cxd4 33. e6 f6 34.
Qxb7 d3 35. Qb5+ Kf8 36. Re3 Qc3 37. Rd1 Qc2 38. Ree1 h3 39. gxh3 Rxh3 40. Rc1
d2 41. Rxc2 dxe1=Q 42. Qxc4 Qe4+ 43. Qxe4 fxe4 0-1

[Event "Sparkassen-Open B"]
[Site "Heusenstamm, Martinsee"]
[Date "2021.11.21"]
[Round "6.13"]
[White "Vranckx, Oscar"]
[Black "Bauer, Ottmar"]
[Result "1-0"]
[WhiteElo "1345"]
[BlackElo "1750"]
[PlyCount "99"]
[EventDate "2021.??.??"]
[WhiteTeam "SF Mainz"]
[BlackTeam "TSV Rottendorf"]

1. e4 c6 2. Nc3 d5 3. Nf3 dxe4 4. Nxe4 Nf6 5. Nxf6+ gxf6 6. d4 Bf5 7. Bd3 e6 8.
Bxf5 Qa5+ 9. Bd2 Qxf5 10. O-O Rg8 11. Kh1 Bd6 12. c4 Qg4 13. Rg1 Nd7 14. b4 Qh5
15. a4 O-O-O 16. c5 Bc7 17. b5 e5 18. bxc6 Nxc5 19. dxc5 Rd3 20. Qb1 e4 21.
Qxb7+ Kd8 22. Ba5 Bxa5 23. Qb8+ Ke7 24. c7 exf3 25. Qxg8 Bxc7 26. g3 Rd8 27.
Qg7 Rd5 28. Rge1+ Be5 29. Rab1 Qh3 30. Rb7+ Ke6 31. Qxf7+ Kf5 32. Qxh7+ Qxh7
33. Rxh7 Kg6 34. Rxa7 Bd4 35. Rd1 Rxc5 36. Rd7 Bxf2 37. Rf1 Rc2 38. Rd3 Ra2 39.
Rxf3 Bd4 40. Rf4 Be5 41. Re4 Kg5 42. Rfe1 Bc3 43. R1e2 Ra1+ 44. Kg2 Be5 45.
Rxe5+ fxe5 46. Rxe5+ Kf6 47. Re4 Kf5 48. Rf4+ Ke5 49. Kf3 Ra3+ 50. Kg4 1-0

[Event "Sparkassen-Open B"]
[Site "Heusenstamm, Martinsee"]
[Date "2021.11.21"]
[Round "6.14"]
[White "Gräf, Jakob Vincent"]
[Black "Steinke, Hans-Jörg"]
[Result "1-0"]
[WhiteElo "1557"]
[BlackElo "1745"]
[PlyCount "69"]
[EventDate "2021.??.??"]
[WhiteTeam "SV Frankfurt Nord"]
[BlackTeam "SV Erkenschwick"]

1. e4 e6 2. d4 d5 3. exd5 exd5 4. Nf3 Bd6 5. Bd3 Nf6 6. Bg5 Bg4 7. Nbd2 O-O 8.
O-O Nbd7 9. c3 c6 10. Qc2 Qc7 11. h3 Bh5 12. Rae1 Rae8 13. Re3 Bf4 14. Bxf4
Qxf4 15. Rfe1 Bg6 16. Ne5 Bxd3 17. Qxd3 Nxe5 18. dxe5 Nd7 19. g3 Qh6 20. Kg2
Re7 21. f4 Rfe8 22. b4 a6 23. a4 b5 24. a5 g5 25. Nb3 gxf4 26. gxf4 Qxf4 27.
Rf1 Qh6 28. Rg3+ Kh8 29. Nd4 Nxe5 30. Nf5 Nxd3 31. Nxh6 Ne5 32. Rf5 Rf8 33. Re3
f6 34. Ng4 Rg7 35. Rexe5 1-0

[Event "Sparkassen-Open B"]
[Site "Heusenstamm, Martinsee"]
[Date "2021.11.21"]
[Round "6.15"]
[White "Wirtjes, Edzard"]
[Black "Wartenberg, Alexander"]
[Result "0-1"]
[WhiteElo "1552"]
[BlackElo "1405"]
[PlyCount "56"]
[EventDate "2021.??.??"]
[WhiteTeam "Fortuna Logabirum"]
[BlackTeam "Hamburger SK"]

1. c4 c6 2. d4 d5 3. c5 e5 4. e3 exd4 5. exd4 g6 6. g3 Bg7 7. Bg2 Ne7 8. Nf3
Bg4 9. h3 Bxf3 10. Bxf3 Nf5 11. Be3 O-O 12. O-O Re8 13. Qd2 Qf6 14. Bg2 Nxd4
15. Nc3 Ne6 16. Rae1 d4 17. Bg5 dxc3 18. bxc3 Qxc3 19. Qd6 Qd4 20. Re2 Qxd6 21.
cxd6 Nd7 22. Be7 Bf8 23. Bxf8 Kxf8 24. Rb2 Ndc5 25. Rd1 Red8 26. h4 Rd7 27. Bh3
Rad8 28. Rc2 Rxd6 0-1

[Event "Sparkassen-Open B"]
[Site "Heusenstamm, Martinsee"]
[Date "2021.11.21"]
[Round "6.16"]
[White "Wartenberg, Alissa"]
[Black "Mandalka, Justus"]
[Result "1-0"]
[WhiteElo "1586"]
[BlackElo "1366"]
[PlyCount "105"]
[EventDate "2021.??.??"]
[WhiteTeam "Hamburger SK"]
[BlackTeam "SK Bad Homburg"]

1. e4 c5 2. Nf3 Nc6 3. d4 cxd4 4. Nxd4 g6 5. c4 Bg7 6. Be3 Nf6 7. Nc3 O-O 8. f3
d6 9. Be2 Bd7 10. Qd2 Nxd4 11. Bxd4 a5 12. g4 e5 13. Be3 Ne8 14. O-O-O b6 15.
h4 Be6 16. h5 Kh8 17. hxg6 fxg6 18. Bh6 Bg8 19. Bxg7+ Nxg7 20. Nd5 Rc8 21. Qh6
Rf6 22. g5 Re6 23. f4 exf4 24. Bg4 Rxc4+ 25. Kb1 Rcxe4 26. Bxe6 Rxe6 27. Nxf4
Qe8 28. Nxe6 Qxe6 29. Qh4 Qxa2+ 30. Kc1 Nf5 31. Qe4 Bf7 32. Qa8+ Bg8 33. Qc6
Qc4+ 34. Qxc4 Bxc4 35. Rh3 a4 36. Re1 Bf7 37. Rc3 d5 38. Rc7 Kg8 39. Rb7 d4 40.
Rxb6 Nh4 41. Rf1 Nf5 42. Kd2 Bc4 43. Rc1 Ne3 44. Rb4 Bf7 45. Rxd4 Nf5 46. Rxa4
Nd6 47. Rd4 Ne8 48. Rc8 Kf8 49. Rb8 Ke7 50. Rb7+ Ke6 51. Re4+ Kf5 52. Rxf7+
Kxe4 53. Re7+ 1-0

[Event "Sparkassen-Open B"]
[Site "Heusenstamm, Martinsee"]
[Date "2021.11.21"]
[Round "6.17"]
[White "Schwegler, Jelena"]
[Black "Burow, Roger"]
[Result "0-1"]
[WhiteElo "1484"]
[BlackElo "1634"]
[PlyCount "90"]
[EventDate "2021.??.??"]
[WhiteTeam "SK Bad Homburg"]
[BlackTeam "SV Kelsterbach"]

1. e4 e5 2. Nf3 Nc6 3. d4 exd4 4. Nxd4 d6 5. Bc4 Nf6 6. O-O Be7 7. Nc3 O-O 8.
Re1 Nxd4 9. Qxd4 Be6 10. Bb3 c6 11. Bf4 Nh5 12. Be3 Qc7 13. Qd1 Nf6 14. Qf3 b6
15. Rad1 Bg4 16. Qg3 Bxd1 17. Rxd1 Rfd8 18. Qf4 Rac8 19. Ne2 Bf8 20. Qg3 Nxe4
21. Qf3 d5 22. Nd4 Bc5 23. c3 Nf6 24. Bc2 Re8 25. Bf5 Rcd8 26. Bg5 Qe7 27. h3
Bxd4 28. Rxd4 h6 29. Bh4 Qd6 30. g4 Re1+ 31. Kg2 Rde8 32. g5 hxg5 33. Bxg5 Ne4
34. Bf4 Qf6 35. Be3 Qh4 36. Bd7 Re5 37. Bxc6 Rxe3 38. Qxe3 Rg5+ 39. Kf1 Rf5 40.
f3 Qxh3+ 41. Ke2 Qg2+ 42. Kd1 Rxf3 43. Rd2 Nxd2 44. Qe2 Rf1+ 45. Kxd2 Rf2 0-1

[Event "Sparkassen-Open B"]
[Site "Heusenstamm, Martinsee"]
[Date "2021.11.21"]
[Round "6.18"]
[White "Bangerter, Daria"]
[Black "Alt, Johannes"]
[Result "1-0"]
[WhiteElo "1627"]
[BlackElo "1283"]
[PlyCount "89"]
[EventDate "2021.??.??"]
[WhiteTeam "ASK Reti Zuerich"]
[BlackTeam "SF Heidesheim"]

1. e4 e6 2. d4 d5 3. Nd2 dxe4 4. Nxe4 Bd7 5. Nf3 Bc6 6. Bd3 Nd7 7. O-O Ngf6 8.
Re1 Be7 9. c3 Nxe4 10. Bxe4 Bxe4 11. Rxe4 Nf6 12. Re1 O-O 13. Qb3 Qd6 14. Ng5
Qc6 15. Nxe6 Rfe8 16. Ng5 Nd5 17. Bd2 h6 18. Nf3 Rad8 19. Ne5 Qa6 20. h3 c6 21.
Qc2 Bd6 22. Qf5 Bxe5 23. Rxe5 Rxe5 24. Qxe5 Qd3 25. Qe1 Kf8 26. Rd1 Qc2 27. Bc1
Re8 28. Qd2 Qb1 29. a3 Nb6 30. c4 Qa2 31. Qb4+ Kg8 32. c5 Nc4 33. b3 Qe2 34.
Rf1 Nb2 35. Bxb2 Qxb2 36. Qxb7 Qxa3 37. Qxc6 Rd8 38. d5 Qxb3 39. d6 Qe6 40. Qc7
Rd7 41. Qb8+ Kh7 42. Rd1 Qc4 43. Qe8 Qa4 44. Re1 Qc6 45. Qe4+ 1-0

[Event "Sparkassen-Open B"]
[Site "Heusenstamm, Martinsee"]
[Date "2021.11.21"]
[Round "6.19"]
[White "Wartenberg, Julian"]
[Black "Vihan, Shourya"]
[Result "0-1"]
[WhiteElo "1531"]
[BlackElo "1278"]
[PlyCount "62"]
[EventDate "2021.??.??"]
[WhiteTeam "Hamburger SK"]
[BlackTeam "SV Ffm-Griesheim"]

1. c4 Nf6 2. g3 g6 3. Bg2 Bg7 4. Nc3 O-O 5. d4 d6 6. e4 Nc6 7. Nge2 e5 8. d5
Nb8 9. O-O a5 10. h3 Ne8 11. Be3 f5 12. f4 Na6 13. Qd2 Nc5 14. fxe5 Bxe5 15.
Kh2 Nxe4 16. Nxe4 fxe4 17. Rxf8+ Kxf8 18. Bxe4 Qh4 19. Bg2 Qxc4 20. Bh6+ Kg8
21. Nc3 Bf5 22. Rf1 Ng7 23. Qg5 Re8 24. Re1 Qb4 25. a3 Qxb2 26. Rxe5 dxe5 27.
Qf6 Nh5 28. Qg5 Qxc3 29. g4 Qg3+ 30. Kh1 Nf4 31. Qf6 Qxg2# 0-1